|
|
|
|
| LEADER |
00000nam0a2200000 4500 |
| 001 |
51613 |
| 005 |
20231031040225.0 |
| 035 |
|
|
|a (RuTPU)RU\TPU\book\54036
|
| 035 |
|
|
|a RU\TPU\book\53361
|
| 090 |
|
|
|a 51613
|
| 100 |
|
|
|a 20030506d1980 m y0rusy50 ca
|
| 101 |
0 |
|
|a rus
|
| 102 |
|
|
|a RU
|
| 105 |
|
|
|a a j 001zy
|
| 200 |
1 |
|
|a Проектирование, монтаж и эксплуатация систем управления теплотехническими объектами
|e учебник
|f С. Ф. Чистяков
|
| 210 |
|
|
|a Москва
|c Энергия
|d 1980
|
| 215 |
|
|
|a 278 с.
|c ил.
|
| 320 |
|
|
|a Библиогр.: с. 274
|
| 610 |
1 |
|
|a системы управления
|
| 610 |
1 |
|
|a теплотехнические объекты
|
| 610 |
1 |
|
|a проектирование
|
| 610 |
1 |
|
|a монтаж
|
| 610 |
1 |
|
|a эксплуатация
|
| 610 |
1 |
|
|a монтажные работы
|
| 610 |
1 |
|
|a проводники
|
| 610 |
1 |
|
|a щиты
|
| 610 |
1 |
|
|a пульты
|
| 610 |
1 |
|
|a информационно-вычислительные системы
|
| 610 |
1 |
|
|a атомные электрические станции
|
| 610 |
1 |
|
|a учебники
|
| 675 |
|
|
|a 621.311.2-5(075.8)
|v 3
|
| 700 |
|
1 |
|a Чистяков
|b С. Ф.
|g Сергей Федорович
|
| 801 |
|
2 |
|a RU
|b 63413507
|c 20220621
|g PSBO
|
| 900 |
|
|
|a Технические средства автоматизации
|
| 942 |
|
|
|c BK
|